| 000 | 00602nam a22002417a 4500 | ||
|---|---|---|---|
| 005 | 20140527082636.0 | ||
| 008 | 980902s1999 ilu d 001 0 eng | ||
| 020 | _a0844211923 | ||
| 024 | 0 | _ceng | |
| 080 |
_a87 _x(495)(45) |
||
| 245 | 1 | 0 | _aLiterature of Greece and Rome. |
| 250 | _a1 st.ed.: | ||
| 260 |
_aLincolnwood, Ill. : _bNational Textbook Co., _c1999. |
||
| 300 |
_a303 f. ; _c23 cm. |
||
| 440 | 0 | _aTraditions in world literature | |
| 500 | _aIncludes index. | ||
| 650 | 0 | _aLetërsia | |
| 650 | 1 | _aGreqia | |
| 650 | 1 | _aItalia | |
| 651 | 0 | _aGreece | |
| 651 | 0 | _aRome | |
| 942 |
_2udc _cBK |
||
| 999 |
_c471 _d471 |
||